000
00276nam a22001217a 4500
008
190316b xxu||||| |||| 00| 0 eng d
041
_a
eng
080
_a
043.3
100
_a
0
101
_a
mek-ma
245
_a
Materialet e avancuara kompozite
_c
Bajrami, B
942
_2
udc
_c
BK
999
_c
54877
_d
54877